000 00432nam a2200181Ia 4500
001 12814
005 20260306163008.0
008 260306t2004||||xx |||||||||||||| ||spa||
041 _aESP
082 _aRD 340.3
_bCH19
100 _aChanamé Orbe, Raúl
_eAUT
245 0 _aDiccionario jurídico moderno
260 _c2004
300 _a1056 páginas :
_c24 cm.
650 _aGEN
654 _aCDE
942 _cDIC
_dJUS
_fJUS
_2ddc
_n
999 _c12814
_d12814